The Renaissance: A History of Civilization in Italy from 1304-1576 A.D. (Record no. 1160)

000 -LEADER
fixed length control field 00704nam a22002177a 4500
003 - CONTROL NUMBER IDENTIFIER
control field OSt
005 - DATE AND TIME OF LATEST TRANSACTION
control field 20210426121004.0
008 - FIXED-LENGTH DATA ELEMENTS--GENERAL INFORMATION
fixed length control field 210203s1953 ||||| |||| 00| 0 eng d
020 ## - INTERNATIONAL STANDARD BOOK NUMBER
International Standard Book Number 0671616005
040 ## - CATALOGING SOURCE
Original cataloging agency eng
Language of cataloging eng
Transcribing agency DLC
041 ## - LANGUAGE CODE
Language code of text/sound track or separate title eng
080 ## - UNIVERSAL DECIMAL CLASSIFICATION NUMBER
Universal Decimal Classification number 008
Item number D-92
100 ## - MAIN ENTRY--PERSONAL NAME
9 (RLIN) 685
Personal name Durant, Will
245 ## - TITLE STATEMENT
Title The Renaissance: A History of Civilization in Italy from 1304-1576 A.D.
Remainder of title The Story of Civilization: Part 5
Statement of responsibility, etc. / by: Simon and Schuster
260 ## - PUBLICATION, DISTRIBUTION, ETC.
Place of publication, distribution, etc. New York
Name of publisher, distributor, etc. Simon and Schuster
Date of publication, distribution, etc. 1953
300 ## - PHYSICAL DESCRIPTION
Extent 778 p.
Other physical details ill.
490 ## - SERIES STATEMENT
Materials specified The Story of Civilization
650 #0 - SUBJECT ADDED ENTRY--TOPICAL TERM
9 (RLIN) 410
Topical term or geographic name entry element History of civilizations
653 ## - INDEX TERM--UNCONTROLLED
Uncontrolled term ცივილიზაციის ისტორია
942 ## - ADDED ENTRY ELEMENTS (KOHA)
Source of classification or shelving scheme
Koha item type Books
Holdings
Withdrawn status Lost status Source of classification or shelving scheme Damaged status Not for loan Permanent location Current location Date acquired Inventory number Total Checkouts Full call number Barcode Date last seen Price effective from Koha item type
          Ken Walker International University Ken Walker International University 02/03/2021 342   008 D-92 342 02/03/2021 02/03/2021 Books

Powered by Koha